<?xml version="1.0" encoding="UTF-8"?>
<record
    xmlns:xsi="http://www.w3.org/2001/XMLSchema-instance"
    xsi:schemaLocation="http://www.loc.gov/MARC21/slim http://www.loc.gov/standards/marcxml/schema/MARC21slim.xsd"
    xmlns="http://www.loc.gov/MARC21/slim">

  <leader>02052nam a2200373 i 4500</leader>
  <controlfield tag="001">768714001</controlfield>
  <controlfield tag="003">CO-MdFUSB</controlfield>
  <controlfield tag="005">20260423161138.0</controlfield>
  <controlfield tag="007">ta</controlfield>
  <controlfield tag="008">241008t1994    -usba||| |||| 001 0 spa d</controlfield>
  <datafield tag="020" ind1=" " ind2=" ">
    <subfield code="a">978-0-8254-1060-4</subfield>
  </datafield>
  <datafield tag="040" ind1=" " ind2=" ">
    <subfield code="b">spa.</subfield>
    <subfield code="a">CO-MdFUSB</subfield>
    <subfield code="c">CO-MdFUSB</subfield>
    <subfield code="d">CO-MdFUSBC</subfield>
    <subfield code="e">rda</subfield>
  </datafield>
  <datafield tag="041" ind1=" " ind2=" ">
    <subfield code="a">spa</subfield>
    <subfield code="h">eng</subfield>
  </datafield>
  <datafield tag="082" ind1=" " ind2=" ">
    <subfield code="2">23</subfield>
    <subfield code="a">221.61</subfield>
    <subfield code="b">B479</subfield>
  </datafield>
  <datafield tag="100" ind1=" " ind2=" ">
    <subfield code="a">Benware, Paul N.</subfield>
    <subfield code="d">1942-</subfield>
    <subfield code="e">autor</subfield>
  </datafield>
  <datafield tag="240" ind1=" " ind2=" ">
    <subfield code="a">Survey of the Old Testament. </subfield>
  </datafield>
  <datafield tag="245" ind1=" " ind2=" ">
    <subfield code="a">Panorama del Antiquo Testamento</subfield>
    <subfield code="c">/ Paul N. Benware ; traducido por Santiago Escuain , R. Mercedes De la Rosa</subfield>
  </datafield>
  <datafield tag="264" ind1=" " ind2="1">
    <subfield code="a">Grand Rapids, Michigan : </subfield>
    <subfield code="b">Portavoz,</subfield>
    <subfield code="c">[1994]</subfield>
  </datafield>
  <datafield tag="264" ind1=" " ind2="4">
    <subfield code="c">&#xA9;1994</subfield>
  </datafield>
  <datafield tag="300" ind1=" " ind2=" ">
    <subfield code="a">280 p&#xE1;ginas</subfield>
    <subfield code="c">; 19 cm</subfield>
    <subfield code="b">: ilustraciones, mapas a blanco y negro</subfield>
  </datafield>
  <datafield tag="336" ind1=" " ind2=" ">
    <subfield code="2">rdacontent</subfield>
    <subfield code="a">texto</subfield>
    <subfield code="b">txt</subfield>
  </datafield>
  <datafield tag="337" ind1=" " ind2=" ">
    <subfield code="2">rdamedia</subfield>
    <subfield code="a">sin mediaci&#xF3;n</subfield>
    <subfield code="b">n</subfield>
  </datafield>
  <datafield tag="338" ind1=" " ind2=" ">
    <subfield code="2">rdacarrier</subfield>
    <subfield code="a">volumen</subfield>
    <subfield code="b">nc</subfield>
  </datafield>
  <datafield tag="490" ind1=" " ind2=" ">
    <subfield code="a">Comentario B&#xED;blico Portavoz</subfield>
  </datafield>
  <datafield tag="505" ind1=" " ind2=" ">
    <subfield code="g">Primera parte: </subfield>
    <subfield code="t">Introducci&#xF3;n y visi&#xF3;n general:</subfield>
    <subfield code="a">Introducci&#xF3;n al Antiguo Testamento. -- Una visi&#xF3;n general del Antiguo Testamento.</subfield>
    <subfield code="g">Segunda parte: </subfield>
    <subfield code="t">Los libros fundamentales:</subfield>
    <subfield code="a">G&#xE9;nesis. -- Exodo y Lev&#xED;tico. -- N&#xFA;meros y Deuteronomio. -- Josu&#xE9;. -- Jueces y Ruth. -- 1 y 2 Samuel. --
1 y 2 Reyes. -- 1 y 2 Cr&#xF3;nicas. -- Esdras y Ester. -- Nehem&#xED;as.
</subfield>
    <subfield code="g">Tercera parte: </subfield>
    <subfield code="t">Los libros po&#xE9;ticos:</subfield>
    <subfield code="a">La poes&#xED;a hebrea. -- Job. -- Los Salmos. -- Proverbios. -- Eclesiast&#xE9;s. -- Cantar de los Cantares. -- Lamentaciones</subfield>
    <subfield code="g">Cuarta parte: </subfield>
    <subfield code="t">Los libros prof&#xE9;ticos.</subfield>
    <subfield code="a">Grupo 1: Profec&#xED;as durante el reino dividido. -- Grupo 2: Profec&#xED;as durante el reino solitario. -- Grupo 3: Profec&#xED;as durante el exilio. -- Grupo 4: Profec&#xED;as despu&#xE9;s del exilio.</subfield>
  </datafield>
  <datafield tag="563" ind1=" " ind2=" ">
    <subfield code="a">R&#xFA;stica</subfield>
  </datafield>
  <datafield tag="653" ind1=" " ind2=" ">
    <subfield code="a">Biblia. Antiguo Testamento &#x2014; Introducci&#xF3;n</subfield>
  </datafield>
  <datafield tag="653" ind1=" " ind2=" ">
    <subfield code="a">Antiguo Testamento &#x2014; Historia y cr&#xED;tica</subfield>
  </datafield>
  <datafield tag="653" ind1=" " ind2=" ">
    <subfield code="a">Biblia. Antiguo Testamento &#x2014; Estudio y ense&#xF1;anza</subfield>
  </datafield>
  <datafield tag="700" ind1=" " ind2=" ">
    <subfield code="a">Escuain, Santiago.</subfield>
    <subfield code="9">2132</subfield>
    <subfield code="e">traductor</subfield>
  </datafield>
  <datafield tag="700" ind1=" " ind2=" ">
    <subfield code="a">De la Rosa, R. Mercedes.&#x200F; </subfield>
    <subfield code="9">6185</subfield>
    <subfield code="e">traductor</subfield>
  </datafield>
  <datafield tag="942" ind1=" " ind2=" ">
    <subfield code="c">BK</subfield>
  </datafield>
  <datafield tag="945" ind1=" " ind2=" ">
    <subfield code="a">Catherine Arias Alvarez</subfield>
  </datafield>
  <datafield tag="952" ind1=" " ind2=" ">
    <subfield code="0">0</subfield>
    <subfield code="1">0</subfield>
    <subfield code="2">ddc</subfield>
    <subfield code="3">0</subfield>
    <subfield code="4">0</subfield>
    <subfield code="7">0</subfield>
    <subfield code="8">GEN</subfield>
    <subfield code="a">FUSBC</subfield>
    <subfield code="b">FUSBC</subfield>
    <subfield code="d">2024-10-08</subfield>
    <subfield code="l">0</subfield>
    <subfield code="o">G 221.61 B479p</subfield>
    <subfield code="p">25123</subfield>
    <subfield code="r">2024-10-08 00:00:00</subfield>
    <subfield code="t">Ej. 1</subfield>
    <subfield code="w">2024-10-08</subfield>
    <subfield code="y">BK</subfield>
    <subfield code="B">0</subfield>
    <subfield code="k">1</subfield>
  </datafield>
  <datafield tag="999" ind1=" " ind2=" ">
    <subfield code="c">71052</subfield>
    <subfield code="d">71052</subfield>
  </datafield>
</record>
